MARC

LEADER 00000nam0a2200000 4500
001 177954
005 20231101223355.0
035 |a (RuTPU)RU\TPU\book\192932 
090 |a 177954 
100 |a 20100330d1979 k y0rusy50 ca 
101 0 |a rus 
102 |a RU 
105 |a a z 001zy 
200 1 |a Химия и металлургия редких металлов  |f Московский государственный институт стали и сплавов (МИСиС) ; под ред. А. Н. Зеликмана 
210 |a Москва  |c Металлургия  |d 1979 
215 |a 120 с.  |c ил. 
225 1 |a Труды Московского института стали и сплавов  |v Вып. 117 
320 |a Библиогр. в конце ст. 
606 1 |a Редкие металлы  |x Химия  |2 stltpush  |3 (RuTPU)RU\TPU\subj\24232  |9 48642 
610 1 |a металлургия 
610 1 |a физико-химические свойства 
610 1 |a редкие элементы 
610 1 |a получение 
610 1 |a технологические процессы 
675 |a 546.3  |v 3 
675 |a 669.85/.86  |v 3 
702 1 |a Зеликман  |b А. Н.  |4 340 
712 0 2 |a Московский государственный институт стали и сплавов (МИСиС)  |2 stltpush  |3 (RuTPU)RU\TPU\col\180 
801 1 |a RU  |b 63413507  |c 20100330 
801 2 |a RU  |b 63413507  |c 20160209  |g RCR 
942 |c BK